[Event "15th LCC Super Rapid 2025"]
[Site "London ENG"]
[Date "2025.12.06"]
[Round "4.63"]
[White "Witte, Phoebe"]
[Black "Anjulan, Ashwin"]
[Result "0-1"]
[WhiteElo "1581"]
[BlackElo "1876"]
[WhiteFideId "1090500"]
[BlackFideId "343411622"]
[EventDate "2025.12.06"]

1. e4 e6 2. d4 d5 3. exd5 exd5 4. Bd3 Bd6 5. h3 Ne7 6. Nf3 Nbc6 7. c3 Bf5 8. O-O
Qd7 9. Re1 O-O-O 10. a4 f6 11. b4 Bxd3 12. Qxd3 g5 13. a5 g4 14. Nh2 gxh3 15. g3
h5 16. b5 Nb8 17. b6 a6 18. bxc7 Bxc7 19. Nd2 h4 20. g4 Bxh2+ 21. Kxh2 Qxg4 22.
Qxh3 Qxh3+ 23. Kxh3 Nbc6 24. Nf3 Nf5 25. Bf4 Rde8 26. Rec1 Re2 27. Kg2 h3+ 28.
Kf1 Re4 29. Bh2 Nh4 30. Nxh4 Rhxh4 31. Re1 Rxe1+ 32. Kxe1 Rg4 33. Bg3 f5 34. Ke2
Rg8 35. Rh1 Rh8 36. Kf3 Nxa5 37. Kf4 Nc6 38. Kxf5 a5 39. Ke6 Rh5 40. Kd6 a4 41.
Kc5 a3 42. Ra1 h2 43. Bxh2 Rxh2 44. Rxa3 Rxf2 45. Kxd5 Kc7 46. c4 Rd2 0-1

[Event "15th LCC Super Rapid 2025"]
[Site "London ENG"]
[Date "2025.12.06"]
[Round "4.64"]
[White "Kapechun, Mikhailo"]
[Black "Bird, Joel"]
[Result "1-0"]
[WhiteElo "2174"]
[BlackElo "1987"]
[WhiteFideId "34147527"]
[BlackFideId "429252"]
[EventDate "2025.12.06"]

1. e4 e5 2. Nf3 Nc6 3. Nc3 Nf6 4. a3 d5 5. Bb5 dxe4 6. Nxe5 Bd7 7. Bxc6 bxc6 8.
Nxd7 Qxd7 9. Qe2 Qe6 10. O-O Bd6 11. Re1 Qe5 12. g3 O-O 13. d3 Rfe8 14. dxe4
Nxe4 15. Nxe4 f5 16. Nc3 1-0

[Event "15th LCC Super Rapid 2025"]
[Site "London ENG"]
[Date "2025.12.06"]
[Round "4.65"]
[White "Yu, Rock"]
[Black "Bevis, Noah"]
[Result "1/2-1/2"]
[WhiteElo "2055"]
[BlackElo "1921"]
[WhiteFideId "489000"]
[BlackFideId "343434630"]
[EventDate "2025.12.06"]

1. e4 c5 2. a4 Nc6 3. Bb5 g6 4. Bxc6 bxc6 5. f4 Bg7 6. Nf3 Ba6 7. d3 c4 8. d4 d5
9. Nc3 e6 10. O-O Nf6 11. e5 Nd7 12. Re1 h5 13. b3 cxb3 14. cxb3 O-O 15. Ba3 Re8
16. Rc1 Rc8 17. Na2 Qb6 18. Nb4 Bf8 19. Qd2 c5 20. Nxa6 Qxa6 21. dxc5 Bxc5+ 22.
Bxc5 Rxc5 23. Qd4 Rec8 24. Rxc5 Nxc5 25. Re3 Ne4 26. h3 Rc1+ 27. Kh2 Qf1 28.
Rxe4 dxe4 29. Qd8+ Kg7 1/2-1/2

[Event "15th LCC Super Rapid 2025"]
[Site "London ENG"]
[Date "2025.12.06"]
[Round "4.66"]
[White "Rizvi, Nasir"]
[Black "Larchikov, Maksym"]
[Result "0-1"]
[WhiteElo "1939"]
[BlackElo "2149"]
[WhiteFideId "1800540"]
[BlackFideId "34120815"]
[EventDate "2025.12.06"]

1. c4 e6 2. g3 d5 3. Bg2 Nf6 4. Nf3 Be7 5. O-O O-O 6. b3 c5 7. Bb2 Nc6 8. cxd5
Nxd5 9. d4 cxd4 10. Nxd4 Nxd4 11. Qxd4 Bf6 12. Qd2 Nc3 13. Qc2 Nxb1 14. Raxb1
Bxb2 15. Qxb2 Qa5 16. Rfd1 Rb8 17. b4 Qb5 18. a4 Qxa4 19. Ra1 Qb5 20. Rxa7 b6
21. e3 Ba6 22. Bf1 Qh5 23. b5 Qxd1 24. bxa6 b5 25. Qb4 Qa4 26. Qd6 Qa5 27. Rd7
Rb6 28. Qe7 Rxa6 29. Rb7 Rb6 30. Ra7 Qd2 31. Rd7 Qxd7 32. Qxd7 b4 33. Qc7 Rfb8
34. Bc4 b3 35. Bxb3 Rxb3 36. h4 R3b7 37. Qd6 h6 38. Kg2 Rb2 39. Kf3 Rc8 40. g4
Rcc2 41. Qd8+ Kh7 42. Qd3+ g6 43. h5 Rxf2+ 44. Ke4 Rf6 45. Qd4 Rbf2 46. Kd3 gxh5
47. Qe4+ Kg7 48. gxh5 R2f5 49. Qg4+ Rg5 50. Qh4 Rff5 51. e4 Ra5 52. Kd4 Rxh5 53.
Qg4+ Rhg5 54. Qf4 e5+ 0-1

[Event "15th LCC Super Rapid 2025"]
[Site "London ENG"]
[Date "2025.12.06"]
[Round "4.67"]
[White "Lau, Lut Yin Luke"]
[Black "Pereslavtsev, Alexandr"]
[Result "1-0"]
[WhiteTitle "CM"]
[WhiteElo "2243"]
[BlackElo "2044"]
[WhiteFideId "6002226"]
[BlackFideId "343401449"]
[EventDate "2025.12.06"]

1. Nf3 Nf6 2. g3 g6 3. Bg2 Bg7 4. O-O O-O 5. d3 d6 6. e4 e5 7. Nbd2 Nc6 8. Re1
Ne8 9. Nc4 f5 10. c3 f4 11. d4 Bg4 12. dxe5 fxg3 13. hxg3 dxe5 14. Qd5+ Kh8 15.
Nfxe5 Qxd5 16. exd5 Nxe5 17. Nxe5 Nf6 18. Nxg4 Nxg4 19. Bf4 Nxf2 20. Bxc7 Nd3
21. Re2 Rac8 22. d6 Be5 23. Rd1 1-0

[Event "15th LCC Super Rapid 2025"]
[Site "London ENG"]
[Date "2025.12.06"]
[Round "4.68"]
[White "McCarthy, Kevin C"]
[Black "Finn, Peter"]
[Result "0-1"]
[BlackTitle "CM"]
[WhiteElo "1927"]
[BlackElo "2200"]
[WhiteFideId "470775"]
[BlackFideId "432156"]
[EventDate "2025.12.06"]

1. d4 Nf6 2. Nc3 d5 3. Bf4 e6 4. e3 Bb4 5. Ne2 O-O 6. a3 Bd6 7. Bxd6 Qxd6 8. g3
b6 9. Bg2 Bb7 10. O-O c5 11. Nf4 Nc6 12. Re1 Rfd8 13. dxc5 Qxc5 14. Nd3 Qe7 15.
Ne2 e5 16. c3 Rac8 17. Nb4 Na5 18. a4 Nc4 19. b3 Na5 20. Rb1 Ne4 21. Qc1 Nxc3 0-1

[Event "15th LCC Super Rapid 2025"]
[Site "London ENG"]
[Date "2025.12.06"]
[Round "5.1"]
[White "Eljanov, Pavel"]
[Black "Abdusattorov, Nodirbek"]
[Result "1-0"]
[WhiteTitle "GM"]
[BlackTitle "GM"]
[WhiteElo "2656"]
[BlackElo "2750"]
[WhiteFideId "14102951"]
[BlackFideId "14204118"]
[EventDate "2025.12.06"]

1. d4 Nf6 2. Nf3 e6 3. Bf4 Be7 4. c3 Nh5 5. Bc1 d5 6. Ne5 g6 7. Nd2 c5 8. Ndf3
f6 9. Nd3 c4 10. Nf4 Ng7 11. e4 g5 12. Ne2 dxe4 13. Nd2 f5 14. Nxc4 Nc6 15. h4
b5 16. Ne5 Nxe5 17. dxe5 Qxd1+ 18. Kxd1 gxh4 19. Nd4 a6 20. Nc6 Bc5 21. Be3 Bxe3
22. fxe3 Bd7 23. Nd4 Rc8 24. Rxh4 Rc5 25. Be2 Rxe5 26. Kc2 Rd5 27. g4 e5 28.
Nxf5 Bxf5 29. gxf5 Nxf5 30. Rxe4 Ng3 31. c4 Nxe4 32. cxd5 h5 33. a4 b4 34. Bxa6
b3+ 35. Kd1 h4 36. Ke2 Rf8 37. Bb5+ Ke7 38. Rg1 h3 39. Rg7+ Kd6 40. Rh7 Kxd5 41.
Kd3 Nc5+ 42. Kc3 Rf3 43. Bc4+ Ke4 44. Kb4 Nd3+ 45. Kxb3 Kxe3 46. a5 e4 47. a6
Nc5+ 48. Kb4 Nd3+ 49. Kc3 Nf2 50. a7 Rf8 51. b4 Ra8 52. b5 h2 53. b6 h1=Q 54.
Rxh1 Nxh1 55. Bd5 Rc8+ 56. Kb3 Rd8 57. a8=Q Rxa8 58. Bxa8 Kd2 1-0

[Event "15th LCC Super Rapid 2025"]
[Site "London ENG"]
[Date "2025.12.06"]
[Round "5.2"]
[White "Dominguez Perez, Leinier"]
[Black "Ghasi, Ameet K"]
[Result "1-0"]
[WhiteTitle "GM"]
[BlackTitle "GM"]
[WhiteElo "2738"]
[BlackElo "2500"]
[WhiteFideId "3503240"]
[BlackFideId "409200"]
[EventDate "2025.12.06"]

1. e4 c6 2. d4 d5 3. e5 Bf5 4. Nf3 e6 5. Be2 c5 6. Be3 cxd4 7. Nxd4 Ne7 8. Nd2
Nbc6 9. N2f3 Bg4 10. O-O Bxf3 11. Nxf3 Ng6 12. c4 dxc4 13. Bxc4 Be7 14. Qb3 Qb8
15. Bd3 O-O 16. g3 Rd8 17. Rac1 Nb4 18. Be4 Nd5 19. Bxd5 Rxd5 20. Rfd1 Rxd1+ 21.
Qxd1 Bf8 22. Qd7 Nxe5 23. Nxe5 Qxe5 24. Qxb7 Rb8 25. Qxa7 Rxb2 26. a4 Ra2 27.
Qa8 Ra1 28. Rxa1 Qxa1+ 29. Kg2 Qc3 30. a5 f5 31. a6 1-0

[Event "15th LCC Super Rapid 2025"]
[Site "London ENG"]
[Date "2025.12.06"]
[Round "5.3"]
[White "Shankland, Sam"]
[Black "Shetty, Atulya"]
[Result "1-0"]
[WhiteTitle "GM"]
[BlackTitle "IM"]
[WhiteElo "2649"]
[BlackElo "2455"]
[WhiteFideId "2004887"]
[BlackFideId "2031213"]
[EventDate "2025.12.06"]

1. e4 e6 2. d4 d5 3. Nc3 Nf6 4. e5 Nfd7 5. Nce2 c5 6. c3 Nc6 7. Nf3 b5 8. a3 a5
9. Nf4 b4 10. axb4 cxd4 11. Bb5 Qb6 12. Bxc6 Qxc6 13. Nxd4 Qc7 14. O-O Nxe5 15.
Re1 Bd7 16. Qh5 Bd6 17. Nfxe6 Bxe6 18. Nxe6 Qe7 19. Nxg7+ Kd7 20. Bf4 axb4 21.
Rad1 f6 22. Nf5 Qe6 23. Nxd6 Kxd6 24. Bg3 Qe8 25. Qf5 Qe6 26. Qxe6+ Kxe6 27. f4 1-0

[Event "15th LCC Super Rapid 2025"]
[Site "London ENG"]
[Date "2025.12.06"]
[Round "5.4"]
[White "Iniyan, Pa"]
[Black "Adams, Michael"]
[Result "1/2-1/2"]
[WhiteTitle "GM"]
[BlackTitle "GM"]
[WhiteElo "2601"]
[BlackElo "2635"]
[WhiteFideId "25002767"]
[BlackFideId "400041"]
[EventDate "2025.12.06"]

1. d4 d5 2. c4 e6 3. Nc3 Be7 4. Nf3 Nf6 5. Bg5 h6 6. Bh4 dxc4 7. e3 c5 8. Bxc4
cxd4 9. Nxd4 O-O 10. O-O Bd7 11. Qe2 Nc6 12. Nf3 Nd5 13. Bxd5 Bxh4 14. Be4 Bf6
15. Rad1 Qe7 16. Bb1 Rfd8 17. Ne4 g6 18. Nxf6+ Qxf6 19. Be4 Be8 20. h4 Rxd1 21.
Rxd1 Rd8 22. Rc1 Qe7 23. a3 Qd6 24. b4 a5 25. Qb2 axb4 26. axb4 Qxb4 27. Qxb4
Nxb4 28. Bxb7 Kg7 29. g3 Rd7 30. Be4 Ra7 31. Rc8 Bd7 32. Rc4 Na6 33. Ne5 Bb5 34.
Rc1 Rc7 35. Rb1 Be8 36. Ra1 Nc5 37. Rc1 Na6 38. Ra1 Nc5 39. Rc1 1/2-1/2

[Event "15th LCC Super Rapid 2025"]
[Site "London ENG"]
[Date "2025.12.06"]
[Round "5.5"]
[White "Bazakutsa, Svyatoslav"]
[Black "Vitiugov, Nikita"]
[Result "1/2-1/2"]
[WhiteTitle "IM"]
[BlackTitle "GM"]
[WhiteElo "2478"]
[BlackElo "2657"]
[WhiteFideId "14198525"]
[BlackFideId "4152956"]
[EventDate "2025.12.06"]

1. c4 e5 2. g3 Nf6 3. Bg2 h6 4. Nf3 e4 5. Nd4 Nc6 6. Nc2 d5 7. cxd5 Qxd5 8. Nc3
Qe6 9. d3 exd3 10. Qxd3 Bc5 11. Be3 Bxe3 12. Qxe3 Qxe3 13. Bxc6+ bxc6 14. Nxe3
Be6 15. O-O-O Ke7 16. f3 Rhb8 17. b3 a5 18. Na4 Nd5 19. Nc2 Nb4 20. Nxb4 axb4
21. Kb2 Rxa4 22. bxa4 c5 23. a3 bxa3+ 24. Kxa3 Rb3+ 25. Ka2 Rxf3+ 26. Kb2 Rb3+
27. Kc2 Rb4 28. Ra1 Bb3+ 29. Kc3 Bxa4 30. Rhb1 Re4 31. Rb7 Kd6 32. Kd2 Rd4+ 33.
Kc3 Re4 34. Kd2 Rd4+ 35. Kc3 Re4 1/2-1/2

[Event "15th LCC Super Rapid 2025"]
[Site "London ENG"]
[Date "2025.12.06"]
[Round "5.6"]
[White "Firouzja, Alireza"]
[Black "Cancedda-Dupuis, Livio"]
[Result "1-0"]
[WhiteTitle "GM"]
[WhiteElo "2762"]
[BlackElo "2160"]
[WhiteFideId "12573981"]
[BlackFideId "499447"]
[EventDate "2025.12.06"]

1. d4 Nf6 2. c4 e6 3. g3 d5 4. Bg2 Bb4+ 5. Nd2 O-O 6. Nf3 Nbd7 7. O-O c6 8. Qc2
Re8 9. e4 dxe4 10. Nxe4 Nxe4 11. Qxe4 Bd6 12. Rd1 h6 13. Ne5 Qc7 14. Bf4 Nxe5
15. dxe5 Bc5 16. Bf1 Bf8 17. h4 g6 18. c5 b6 19. h5 g5 20. Be3 Rd8 21. Rd6 Bb7
22. Bd3 Bg7 23. f4 Rxd6 24. exd6 Qd8 25. fxg5 hxg5 26. Qh7+ Kf8 27. Rf1 bxc5 28.
h6 Bf6 29. Bxc5 1-0

[Event "15th LCC Super Rapid 2025"]
[Site "London ENG"]
[Date "2025.12.06"]
[Round "5.7"]
[White "Mishra, Abhimanyu"]
[Black "Tayar, Jonathan"]
[Result "1-0"]
[WhiteTitle "GM"]
[BlackTitle "IM"]
[WhiteElo "2642"]
[BlackElo "2325"]
[WhiteFideId "30920019"]
[BlackFideId "2606534"]
[EventDate "2025.12.06"]

1. d4 Nf6 2. c4 g6 3. f3 Bg7 4. e4 d6 5. Nc3 O-O 6. Nge2 Nc6 7. Be3 a6 8. Qd2
Rb8 9. Rc1 Bd7 10. Nd1 b6 11. Nf2 e5 12. d5 Ne7 13. g4 Ne8 14. Ng3 f5 15. gxf5
gxf5 16. Bg5 Bf6 17. Bh6 Ng7 18. Rg1 f4 19. Nh5 Ng6 20. Nxf6+ Qxf6 21. Bg5 Qf7
22. Ng4 Bxg4 23. Rxg4 Kh8 24. Bh3 Qd7 25. Rg3 Qe8 26. Rg1 Qf7 27. Rc2 Rg8 28.
Bg4 Qf8 29. Qg2 b5 30. cxb5 Rxb5 31. Qh3 Qb8 32. Rgg2 Qb6 33. Qh6 Rc5 34. Qh3
Rxc2 35. Rxc2 Qe3+ 36. Re2 Qg1+ 37. Qf1 Qc5 38. h4 Rb8 39. h5 Rxb2 40. Rxb2 Qc1+
41. Kf2 Qxb2+ 42. Qe2 Qb6+ 43. Kg2 h6 44. Bxh6 Nh4+ 45. Kh2 c6 46. Bg5 Nxf3+ 47.
Bxf3 c5 48. Bf6 1-0

[Event "15th LCC Super Rapid 2025"]
[Site "London ENG"]
[Date "2025.12.06"]
[Round "5.8"]
[White "Theodorou, Nikolas"]
[Black "Czopor, Maciej"]
[Result "1-0"]
[WhiteTitle "GM"]
[BlackTitle "IM"]
[WhiteElo "2656"]
[BlackElo "2463"]
[WhiteFideId "4262875"]
[BlackFideId "21805431"]
[EventDate "2025.12.06"]

1. d4 Nf6 2. Nf3 e6 3. c4 d5 4. g3 Bb4+ 5. Bd2 a5 6. Bg2 O-O 7. Qc1 Be7 8. O-O
c6 9. Rd1 Nbd7 10. Bf4 b6 11. Ne5 Bb7 12. cxd5 cxd5 13. Nc6 Qe8 14. Nxe7+ Qxe7
15. Nc3 Rac8 16. Qe3 Qb4 17. Rd2 Ba6 18. g4 Rfd8 19. Bf3 Nf8 20. h4 Ne8 21. a3
Qc4 22. h5 h6 23. g5 hxg5 24. Bxg5 f6 25. Bf4 Nd6 26. Bg4 Kf7 27. h6 Nf5 28. Qh3
Ng6 29. Bh5 gxh6 30. Kh2 Rg8 31. Rg1 Rg7 32. e3 Qc6 33. f3 Rcg8 34. Rdg2 Ne7 35.
e4 Bc8 36. e5 f5 37. Bxh6 Rh7 38. Bxg6+ Nxg6 39. Qh5 Rxh6 40. Qxh6 Rh8 41. Qxh8
Nxh8 42. Rg8 Ke7 43. Rxh8 Kf7 44. Rhg8 1-0

[Event "15th LCC Super Rapid 2025"]
[Site "London ENG"]
[Date "2025.12.06"]
[Round "5.9"]
[White "Jankovic, Alojzije"]
[Black "Haydon, David L"]
[Result "0-1"]
[WhiteTitle "GM"]
[BlackTitle "FM"]
[WhiteElo "2558"]
[BlackElo "2284"]
[WhiteFideId "14505959"]
[BlackFideId "415405"]
[EventDate "2025.12.06"]

1. d4 Nf6 2. Nf3 e6 3. c4 Bb4+ 4. Bd2 Qe7 5. g3 b6 6. Bg2 Bb7 7. O-O Bxd2 8.
Qxd2 O-O 9. Qc2 Nc6 10. Nc3 d5 11. a3 dxc4 12. Rad1 Na5 13. e4 Rfd8 14. Rfe1 Nd7
15. h4 Nf8 16. h5 h6 17. Qc1 c5 18. d5 e5 19. Nb5 a6 20. d6 Qf6 21. Nc7 Rac8 22.
Nd5 Qxd6 23. Nh4 Bxd5 24. exd5 Nh7 25. Bh3 Rb8 26. Qc3 Ng5 27. Bg4 e4 28. Nf5
Qf8 29. f4 exf3 30. d6 Kh7 31. Ne7 Nb3 32. d7 Nd4 33. Rxd4 cxd4 34. Qxd4 b5 35.
Nc6 f5 36. Nxb8 fxg4 37. Qf4 Nh3+ 0-1

[Event "15th LCC Super Rapid 2025"]
[Site "London ENG"]
[Date "2025.12.06"]
[Round "5.11"]
[White "Southcott-Moyers, Indy"]
[Black "Rozen, Eytan"]
[Result "1-0"]
[WhiteTitle "FM"]
[BlackTitle "IM"]
[WhiteElo "2272"]
[BlackElo "2515"]
[WhiteFideId "488542"]
[BlackFideId "2816750"]
[EventDate "2025.12.06"]

1. d4 Nf6 2. c4 e6 3. Nf3 Bb4+ 4. Bd2 a5 5. a3 Bxd2+ 6. Qxd2 b6 7. e3 Bb7 8. Be2
O-O 9. O-O d6 10. Nc3 Nbd7 11. b4 e5 12. Qc2 Re8 13. Rfe1 Qe7 14. Nb5 Be4 15.
Qb2 Nf8 16. dxe5 dxe5 17. Rec1 Bxf3 18. Bxf3 e4 19. Be2 Ne6 20. Rab1 axb4 21.
axb4 Red8 22. Rd1 h6 23. h3 Rxd1+ 24. Rxd1 Rd8 25. Rxd8+ Qxd8 26. Nd4 Nxd4 27.
exd4 Qe7 28. Qc3 c6 29. Bf1 h5 30. Qb3 Qd6 31. Qc3 Qe7 32. Qb3 Qd8 33. Qa4 Qc7
34. b5 c5 35. Qa8+ Kh7 36. Qc6 Qf4 37. dxc5 e3 38. Qf3 exf2+ 39. Qxf2 Qxf2+ 40.
Kxf2 Ne4+ 41. Ke3 Nxc5 42. Kd4 f5 43. Kd5 f4 44. Kc6 Na4 45. Bd3+ Kh6 46. Bc2
Nb2 47. c5 bxc5 48. Kxc5 g5 49. b6 g4 50. hxg4 1-0

[Event "15th LCC Super Rapid 2025"]
[Site "London ENG"]
[Date "2025.12.06"]
[Round "5.12"]
[White "Mikhalevski, Victor"]
[Black "Manmay Chopra"]
[Result "1-0"]
[WhiteTitle "GM"]
[BlackTitle "CM"]
[WhiteElo "2504"]
[BlackElo "2142"]
[WhiteFideId "2801914"]
[BlackFideId "25649191"]
[EventDate "2025.12.06"]

1. Nf3 Nf6 2. c4 g6 3. Nc3 Bg7 4. e4 d6 5. d4 O-O 6. Be2 Na6 7. O-O e5 8. Re1
Bg4 9. d5 Nc5 10. h3 Bd7 11. Bf1 a5 12. Bg5 h6 13. Bd2 Ne8 14. g3 a4 15. Be3 b6
16. Nh4 Kh7 17. Qc2 Bf6 18. Nf3 Qc8 19. Kh2 Bg7 20. Rad1 f5 21. exf5 gxf5 22.
Nh4 Bf6 23. f4 Bxh4 24. gxh4 e4 25. Qf2 Nf6 26. Be2 Qe8 27. h5 Qe7 28. Bd4 Rg8
29. Qh4 Nxd5 30. Qxe7+ Nxe7 31. Bf6 Nc6 32. Nd5 Rac8 33. Bc3 Rgf8 34. Rg1 Ne6
35. Rg6 Rf7 36. Rdg1 Rcf8 37. Nxc7 Ncd4 38. Nxe6 Nxe6 39. Rd1 Nxf4 40. Rdxd6 Re7
41. Rxh6+ Kg8 42. Rh8+ 1-0

[Event "15th LCC Super Rapid 2025"]
[Site "London ENG"]
[Date "2025.12.06"]
[Round "5.13"]
[White "Sammed Jaykumar, Shete"]
[Black "Pranav, Anand"]
[Result "0-1"]
[WhiteTitle "IM"]
[BlackTitle "GM"]
[WhiteElo "2377"]
[BlackElo "2581"]
[WhiteFideId "5073421"]
[BlackFideId "46626786"]
[EventDate "2025.12.06"]

1. e4 c5 2. c3 Nf6 3. e5 Nd5 4. Nf3 Nc6 5. Bc4 Nb6 6. Bb3 d5 7. exd6 Qxd6 8. O-O
c4 9. Bc2 Bg4 10. Re1 e6 11. b3 cxb3 12. axb3 Be7 13. d4 O-O 14. Nbd2 Qc7 15.
Bb2 Bh5 16. Qb1 Bg6 17. Bxg6 hxg6 18. Ba3 Bxa3 19. Rxa3 Nd5 20. c4 Nf6 21. Ne4
Rad8 22. Ra2 Nxd4 23. Nxf6+ gxf6 24. Nxd4 Rxd4 25. Rxa7 Rfd8 26. Ra2 Kg7 27.
Rae2 Qc5 28. h3 e5 29. Kh2 Qb4 30. Re3 Rf4 31. R1e2 Qc5 32. Qc1 Rfd4 33. Qc3 Qc7
34. c5 Qc6 35. Rc2 R8d5 36. Rg3 Rd1 37. Qe3 Qa6 38. Rc4 Qa1 39. Rf3 Rh1+ 40. Kg3
Qg1 41. Rg4 Qh2+ 42. Kh4 Rd8 43. Rgg3 Rh8+ 44. Kg4 Rh5 0-1

[Event "15th LCC Super Rapid 2025"]
[Site "London ENG"]
[Date "2025.12.06"]
[Round "5.14"]
[White "Mirzoeva, Elmira"]
[Black "McShane, Luke J"]
[Result "0-1"]
[WhiteTitle "WGM"]
[BlackTitle "GM"]
[WhiteElo "2298"]
[BlackElo "2615"]
[WhiteFideId "4127951"]
[BlackFideId "404853"]
[EventDate "2025.12.06"]

1. Nf3 g6 2. d4 Nf6 3. b3 Bg7 4. Bb2 O-O 5. g3 c5 6. Bg2 Qa5+ 7. Qd2 Qxd2+ 8.
Nbxd2 Na6 9. a3 d6 10. c4 Rb8 11. dxc5 Nxc5 12. Nd4 Bd7 13. O-O a6 14. a4 Ng4
15. h3 Ne5 16. f4 Nc6 17. e3 Nb4 18. Rab1 e5 19. fxe5 dxe5 20. N4f3 Rfe8 21. Ba3
a5 22. Ng5 Bh6 23. h4 Bf5 24. e4 Bg4 25. Bf3 Bd7 26. Rbd1 f6 27. Bxb4 axb4 28.
Nb1 fxg5 29. Rd5 g4 30. Bg2 Bc6 31. Rd6 Rbd8 32. Rfd1 Rxd6 33. Rxd6 Kf7 34. h5
Ke7 35. Rd1 Rd8 0-1

[Event "15th LCC Super Rapid 2025"]
[Site "London ENG"]
[Date "2025.12.06"]
[Round "5.15"]
[White "Maroroa Jones, Gawain C B"]
[Black "Verbytski, Oleg"]
[Result "1-0"]
[WhiteTitle "GM"]
[WhiteElo "2655"]
[BlackElo "2092"]
[WhiteFideId "409561"]
[BlackFideId "495506"]
[EventDate "2025.12.06"]

1. Nf3 Nf6 2. g3 d5 3. Bg2 e6 4. O-O Be7 5. c4 O-O 6. b3 c5 7. e3 Nc6 8. Bb2 d4
9. exd4 cxd4 10. Re1 a5 11. Na3 Re8 12. Nb5 Bc5 13. Ne5 Qb6 14. Qf3 Bd7 15. Qxf6
gxf6 16. Nxd7 Qd8 17. Nxc5 Qe7 18. Nxb7 Qxb7 19. Nxd4 Rac8 20. Nxc6 Rxc6 21.
Bxf6 Qd7 22. Bxc6 Qxc6 23. Re3 a4 24. d4 Ra8 25. Rae1 axb3 26. axb3 h6 27. Re4
Kh7 28. Rg4 Rg8 29. Rf4 Qb7 30. Re3 Ra8 31. d5 Ra6 32. Rg4 h5 33. Rg7+ Kh6 34.
g4 h4 35. Rh3 Ra1+ 36. Kg2 1-0

[Event "15th LCC Super Rapid 2025"]
[Site "London ENG"]
[Date "2025.12.06"]
[Round "5.16"]
[White "Stoyanov, Viktor"]
[Black "Jumabayev, Rinat"]
[Result "0-1"]
[WhiteTitle "FM"]
[BlackTitle "GM"]
[WhiteElo "2239"]
[BlackElo "2560"]
[WhiteFideId "450308"]
[BlackFideId "13702661"]
[EventDate "2025.12.06"]

1. d4 Nf6 2. c4 g6 3. Nc3 Bg7 4. e4 d6 5. Nf3 O-O 6. h3 a5 7. Be3 a4 8. Be2 c5
9. O-O cxd4 10. Nxd4 Bd7 11. Qc2 Nc6 12. Rfd1 Qa5 13. Ndb5 Rfc8 14. Rab1 Ne5 15.
b4 axb3 16. Qxb3 Bxb5 17. Nxb5 Qxa2 18. Nc3 Qxb3 19. Rxb3 Nxc4 20. Bg5 Na5 21.
Ra3 Rxc3 22. Rxc3 Nxe4 23. Rc7 Nxg5 24. Rxe7 Bf8 25. Rd7 Re8 26. Bf1 Ne6 27. Ra1
Nb3 0-1

[Event "15th LCC Super Rapid 2025"]
[Site "London ENG"]
[Date "2025.12.06"]
[Round "5.17"]
[White "Yuffa, Daniil"]
[Black "Eggink, Mateusz"]
[Result "1-0"]
[WhiteTitle "GM"]
[WhiteElo "2618"]
[BlackElo "2119"]
[WhiteFideId "24131423"]
[BlackFideId "1135490"]
[EventDate "2025.12.06"]

1. Nf3 e6 2. g3 d5 3. Bg2 c5 4. O-O Nf6 5. c4 Nc6 6. cxd5 exd5 7. d4 Be6 8. Nc3
h6 9. b3 Rc8 10. Bb2 cxd4 11. Nxd4 Nxd4 12. Qxd4 Bc5 13. Qa4+ Bd7 14. Qf4 Be6
15. Rad1 O-O 16. e4 d4 17. Ne2 Qa5 18. Bxd4 Qxa2 19. Rd2 Qxb3 20. Bxf6 gxf6 21.
Qxh6 Bb4 22. Rdd1 Rfd8 23. Rb1 Qc4 24. Nf4 Bf8 25. Qxf6 b6 26. Qg5+ Kh8 27. Rb5
Bg7 28. Qh4+ Kg8 29. Rg5 f6 30. Rxg7+ Kxg7 31. Nh5+ Kf8 32. Qxf6+ Bf7 33. Nf4
Ke8 34. e5 Qd4 35. Bc6+ Rxc6 36. Qxc6+ Kf8 37. Qh6+ Ke7 38. e6 Be8 39. Qg5+ 1-0

[Event "15th LCC Super Rapid 2025"]
[Site "London ENG"]
[Date "2025.12.06"]
[Round "5.18"]
[White "Zapolskis, Antanas"]
[Black "Kovchan, Alexander"]
[Result "0-1"]
[WhiteTitle "IM"]
[BlackTitle "GM"]
[WhiteElo "2215"]
[BlackElo "2440"]
[WhiteFideId "12800210"]
[BlackFideId "14103052"]
[EventDate "2025.12.06"]

1. e4 d6 2. d4 Nf6 3. Nc3 g6 4. Be2 Bg7 5. g4 h6 6. Be3 a6 7. f4 b5 8. e5 Nfd7
9. Bf3 c6 10. d5 Bb7 11. e6 Nf6 12. exf7+ Kxf7 13. g5 hxg5 14. fxg5 Nfd7 15.
dxc6 Nxc6 16. Bd5+ Ke8 17. Nf3 Qa5 18. Nd4 Rc8 19. O-O Rf8 20. Ne6 Rxf1+ 21.
Qxf1 Bxc3 22. bxc3 Qxc3 23. Re1 Qh8 24. Qg2 Nde5 25. Bf4 Ba8 26. Bxe5 dxe5 27.
Qg4 e4 28. Ng7+ Kd8 29. Rd1 Kc7 30. Ne6+ Kb6 31. Qxe4 Qc3 32. Rd3 Qa1+ 33. Kg2
Qc1 34. Nd4 Qxg5+ 35. Kf2 Rf8+ 36. Ke2 Qh5+ 37. Kd2 Qg5+ 38. Kc3 Rf4 39. Qe3 Qf6
40. Bxc6 Bxc6 41. Kb2 Rf3 42. Qe2 Rxd3 43. Qxd3 Bd5 44. Qe3 Kb7 45. c3 e5 46.
Nc2 a5 47. Qc5 Bc6 48. a4 bxa4 49. Qxa5 Qd6 50. Nb4 Qd2+ 51. Nc2 Qd5 52. Kc1
Qxa5 0-1

[Event "15th LCC Super Rapid 2025"]
[Site "London ENG"]
[Date "2025.12.06"]
[Round "5.20"]
[White "Banerjee, Supratit"]
[Black "Aghayev, Miragha"]
[Result "1-0"]
[WhiteTitle "FM"]
[BlackTitle "IM"]
[WhiteElo "2323"]
[BlackElo "2430"]
[WhiteFideId "2410079"]
[BlackFideId "818070"]
[EventDate "2025.12.06"]

1. e4 c5 2. Nf3 e6 3. d4 cxd4 4. Nxd4 Nf6 5. Nc3 Nc6 6. Be2 Qc7 7. O-O a6 8. Be3
Bb4 9. Nxc6 bxc6 10. Qd4 c5 11. Qc4 Bb7 12. a3 Bxc3 13. Qxc3 Nxe4 14. Qxg7 O-O-O
15. f3 Rhg8 16. Qh6 Rg6 17. Qf4 e5 18. Qxf7 Rdg8 19. fxe4 Rxg2+ 20. Kh1 Qd8 21.
Bf2 Bxe4 22. Bf3 Qg5 23. Bg3 Rxg3 24. Bxe4 Rh3 25. Qf2 Qe7 26. Bf5 Rh4 27. Rad1
Rd4 28. c3 Rd6 29. Qxc5+ 1-0